000 00339nam a2200133 i 4500
001 bg
100 1 _aPODNIESIŃSKI, Antoni
245 0 _aPodstawowe problemy ochrony środowiska w Polsce /
_cA. Podniesiński.
260 _aWarszawa,
_c1979.
040 _cBPK
041 _apol
942 _cKS
008 s pl f |000 0 pol
999 _c18692
_d18692
856 _uhttp://koha.tu.koszalin.pl/cgi-bin/koha/opac-detail.pl?biblionumber=18692
_yKatalog online BPK